Letter Equations Quiz #3 - Statistics

General Stats
  • This quiz has been taken 32,759 times
  • The average score is 10 of 24
Answer Stats
Equation Answer % Correct
24 H in a D Hours in a Day
99%
80 D around the W Days around the World
85%
20000 L under the S Leagues under the Sea
77%
5280 F in a M Feet in a Mile
69%
26 L in the A Letters in the Alphabet
62%
1440 M in a D Minutes in a Day
62%
12 S of the Z Signs of the Zodiac
57%
196 C in the W Countries in the World
47%
4 Q in a G Quarts in a Gallon
47%
13 in a B D Baker's Dozen
46%
11 H and S in K F C Herbs and Spices in Kentucky Fried Chicken
45%
G Y K on R 66 Get Your Kicks on Route
43%
1001 A N Arabian Nights
36%
49 = S S Seven Squared
34%
54 C in a D (with J) Cards in a Deck (with Jokers)
30%
1967: The S of L The Summer of Love
30%
206 B in the B Bones in the Body
29%
15 M of F Minutes of Fame
27%
3 B M (S H T R) Blind Mice (See How They Run)
24%
57 H V Heinz Varieties
24%
88 P K Piano Keys
20%
I C D 55 I Can't Drive
14%
20 C in a P Cigarettes in a Pack
9%
6 D of K B Degrees of Kevin Bacon
7%
No matching quizzes found
Score Distribution
Percent of People with Each Score
Percentile by Number Answered
Your Score History
You have not taken this quiz